00388nam a2200121Ia 4500008004100000245008600041260002400127260000900151300000700160650002300167650001200190856006400202170516s9999 xx 000 0 und d aSorghum as a renewable feedstock for production of fuels and industrial chemicals bAIMS Bioengineering c2016 a:1 xMedical Technology xMedtech uhttp://www.aimspress.com/journal/Bioengineering/2016/1.html